Statistiques concernant Ours de fiction en images

Cliquez ici pour prendre le quiz!

Statistiques générales

  • Ce quiz a été pris 90 fois
  • Le résultat moyen est 6 sur 20

Statistiques - réponses

Réponse% Correct
Baloo
100%
Ted
90%
Nounours
56%
Petit Jean
55%
Martin
45%
Freddy Fazbear
43%
Teddiursa
41%
Michka
37%
Koda
36%
Lotso
36%
Ernest
29%
Volibear
17%
Yogi
14%
Colargol
8%
Kuma
8%
Flippy
3%
Monokuma
3%
Rupert
1%
Sunni
1%
Tsukamoto
1%

Distribution des résultats

Percentile par nombre de réponses

% des personnes avec chaque résultat

Votre développement - résultats

Vous n’avez pas pris ce quiz